| 000 | 00620cam a2200229ua 4500 | ||
|---|---|---|---|
| 020 | _a0 201 10593 4 | ||
| 041 |
_aeng _h |
||
| 082 |
_a004 _bCOB/PR |
||
| 100 | _aCoburn, Peter . | ||
| 245 |
_aPractical guide to computers in education / _cPeter Coburn. _hTextual Documents |
||
| 250 |
_a2 / _b. |
||
| 260 |
_aLondon : _bAddison-Wesley Publishing Company , _c1985. |
||
| 300 | _a338 ; . | ||
| 504 | _a | ||
| 700 | 1 | _aKelman, Peter . | |
| 700 | 1 | _aRoberts, Nancy . | |
| 700 | 1 | _aSnyder, Thomas F F . | |
| 700 | 1 | _aWatt, Daniel H . | |
| 700 | 1 | _aWeiner, Cheryl . | |
| 942 | _cBK | ||
| 999 |
_c10059 _d10059 |
||